000 01105cam a2200325 a 4500
001 2572
005 20250508150754.0
020 _a0439670195
020 _a9780439670203
040 _aDLC
_cDLC
_dDLC
_beng
050 0 0 _aPZ7.K46843
_bAk 2004
082 0 0 _a823.914
_222
100 1 _aKerr, Philip
245 1 4 _aThe Akhenaten adventure /
_cP.B. Kerr
250 _aFirst paperback printing, June 2005
260 _aNew York :
_bScholastic,
_c2004
300 _a355 pages :
_c20 cm
490 1 _aChildren of the lamp ;
_vBook 1
505 _aT
520 _aWhen twelve-year-old twins Philippa and John discover that they are descended from a long line of djinn, their mother sends them away to their Uncle Nimrod, who takes them to Cairo where he starts to teach them about their extraordinary powers.
521 _a900
_bLexile
521 _aT
_bRaz-Plus
650 1 _aGenies
_vFiction.
650 1 _aMagic
_vFiction.
650 1 _aTwins
_vFiction.
650 1 _aSiblings
_vFiction.
650 1 _aUncles
_vFiction.
906 _a7
_bcbc
_corignew
_d1
_eecip
_f20
_gy-gencatlg
942 _2ddc
_cBK
_n0
999 _c2572
_d2572